00500nam a2200181Ia 450000500170000000800410001704000190005804100120007708200190008910000190010824500640012726000340019130000090022550400280023465000200026270000260028285000100030820230113101753.0131103s9999 xx 000 0 und d aLoreto College aEnglish a821.4bSPE-GOU aSpenser,Edmund 4aThe Faerie QueenecEdmund Spenser;edited by Alfred B. Gough aOxfordbClarendon Pressc1932 aV.5  aIncludes appendix,notes aEnglish Poetry  aGough, Alfred Bb; ed. aLCLIB